Practice makes perfect : complete French grammar

Guardat en:
Dades bibliogràfiques
Autor principal: HEMINWAY, A nnie
Format: Llibre
Idioma:anglès
Publicat: McGraw Hill 2020
Etiquetes: Afegir etiqueta
Sense etiquetes, Sigues el primer a etiquetar aquest registre!

MARC

LEADER 00000nam a22000007a 4500
008 240417b |||||||| |||| 00| 0 eng d
020 |a 9781260463170 
100 |a HEMINWAY, A nnie 
245 |a Practice makes perfect  |b : complete French grammar  |c /Annie Heminway  |g ix,304p;ill 
260 |b McGraw Hill   |c 2020  |h New York  |i 699882  |i 699883  |l PC2112.H37  |m French language-Grammar  |m French language- Textbooks for foreign speakers-English  |m French language-Grammar- Problems, exercises etc.  |m Problems and exercises  |m Textbook for English speakers 
942 |a lcc  |c BK  |e Johnson  |f 17/04/24 
952 |0 0  |1 0  |2 lcc  |4 0  |6 PC2112 H37  |7 0  |9 5068  |a ART  |b HOL  |c LP  |d 2024-04-17  |l 0  |o PC2112.H37  |p 2024-0318  |r 2024-04-17 00:00:00  |t 699882  |w 2024-04-17  |y BK 
952 |0 0  |1 0  |2 lcc  |4 0  |6 PC2112 H37  |7 0  |9 5069  |a HOL  |b HOL  |c LP  |d 2024-04-17  |l 0  |o PC2112.H37  |p 2024-0319  |r 2024-04-17 00:00:00  |t 699883  |w 2024-04-17  |y BK 
999 |c 2516  |d 2516